| 000 | 00649cam a2200241 4500 | ||
|---|---|---|---|
| 001 | 14558 | ||
| 003 | BD-RjUL | ||
| 005 | 20211208235641.0 | ||
| 008 | 140206m19731971enk 001 0 eng | ||
| 035 | _a(BD-RjUL)14611 | ||
| 040 |
_aDLC _cDLC _dBD-RjUL _beng |
||
| 041 | _aeng | ||
| 082 | 0 | 0 |
_a320.011 _219 _bRAT 1973 |
| 100 | 1 |
_aRawls, John _d1921-2002. _945394 |
|
| 245 | 1 | 2 |
_aA theory of justice / _cJohn Rawls |
| 260 |
_aLondon : _bOxford Clarendon Press, _cc1971 [1973]. |
||
| 300 |
_axv, 607 p. ; _c20 cm. |
||
| 504 | _aInclude index. | ||
| 650 | 0 |
_aJustice. _945395 |
|
| 942 |
_2ddc _cBK _01 |
||
| 999 |
_c14558 _d14558 |
||